La formation d'une élite ouvrière : Industries électrique et gazière - 1940-1970 (notice n° 1565954)
[ vue normale ]
| 000 -LEADER | |
|---|---|
| fixed length control field | 01071cam a2200145 4500500 |
| 005 - DATE AND TIME OF LATEST TRANSACTION | |
| control field | 20251130003008.0 |
| 041 ## - LANGUAGE CODE | |
| Language code of text/sound track or separate title | fre |
| 042 ## - AUTHENTICATION CODE | |
| Authentication code | dc |
| 100 10 - MAIN ENTRY--PERSONAL NAME | |
| Personal name | Huguet, Jean-Marc |
| Relator term | author |
| 245 00 - TITLE STATEMENT | |
| Title | La formation d'une élite ouvrière : Industries électrique et gazière - 1940-1970 |
| 260 ## - PUBLICATION, DISTRIBUTION, ETC. | |
| Name of publisher, distributor, etc. | L'Harmattan,<br/> |
| Date of publication, distribution, etc. | 2005.<br/> |
| 520 ## - SUMMARY, ETC. | |
| Summary, etc. | La tradition est longue où, pour apprendre le métier, l’apprenti faisait patiemment compagnonnage avec le maître de l’œuvre, pour ensuite cheminer le Tour de France du savoir-faire. Lorsque l’industrie a besoin de spécialistes en grand nombre, elle organise l’apprentissage aux métiers pour des bataillons d’ouvriers. C’est sans doute pendant la période dite de Vichy que l’apprentissage trouve sa pleine réalisation. L’ouvrage parcourt avec minutie l’histoire d’une transformation sociale qui a pour enjeu la formation professionnelle. |
| 700 10 - ADDED ENTRY--PERSONAL NAME | |
| Personal name | Vincent-Buffault, Anne |
| Relator term | author |
| 856 41 - ELECTRONIC LOCATION AND ACCESS | |
| Uniform Resource Identifier | <a href="https://shs.cairn.info/la-formation-dune-elite-ouvriere--9782747577175?lang=fr&redirect-ssocas=7080">https://shs.cairn.info/la-formation-dune-elite-ouvriere--9782747577175?lang=fr&redirect-ssocas=7080</a> |
Pas d'exemplaire disponible.




Réseaux sociaux